[Event "TCh-FRA Nat1 Final"]
[Site "Belfort FRA"]
[Date "2004.05.09"]
[Round "9"]
[White "Libiszewski,F"]
[Black "Lautier,J"]
[Result "1/2-1/2"]
[WhiteElo "2441"]
[BlackElo "2680"]
[EventDate "2004.05.01"]

1. e4 c5 2. Nf3 Nc6 3. Nc3 e6 4. d4 cxd4 5. Nxd4 a6 6. Nxc6 bxc6 7. Bd3 d5
8. O-O Nf6 9. Re1 Be7 10. e5 Nd7 11. Qg4 g6 12. Qe2 c5 13. b3 Bb7 14. Bf4
Bg5 15. Qd2 Bxf4 16. Qxf4 O-O 17. Qh6 Qe7 18. Nd1 f6 19. Qh4 Rae8 20. exf6
Nxf6 21. c4 Qg7 22. Ne3 g5 23. Qh3 d4 24. Ng4 Nxg4 25. Qxg4 Rf4 26. Qh5
Ref8 27. Rxe6 Rxf2 28. Bxh7+ Qxh7 29. Qxg5+ Kh8 30. Rh6 Rxg2+ 31. Qxg2 Qxh6
32. Qxb7 d3 33. Kh1 d2 34. Qd5 Rf2 35. Qd8+ Rf8 36. Qd5 Rf2 37. Qd8+
1/2-1/2

[Event "TCh-FRA Nat1 Final"]
[Site "Belfort FRA"]
[Date "2004.05.09"]
[Round "9"]
[White "Vallejo Pons,F"]
[Black "Touzane,O"]
[Result "1-0"]
[WhiteElo "2666"]
[BlackElo "2347"]
[EventDate "2004.05.01"]

1. e4 e6 2. d4 d5 3. Nd2 Be7 4. e5 c5 5. Qg4 g6 6. dxc5 Bxc5 7. Nb3 Be7 8.
Bd3 Nc6 9. Qe2 f6 10. Nf3 fxe5 11. Nxe5 Nxe5 12. Qxe5 Bf6 13. Qg3 e5 14.
O-O e4 15. Bb5+ Kf7 16. Bf4 Qb6 17. c4 Ne7 18. Bc7 Nf5 19. Bxb6 Nxg3 20.
fxg3 axb6 21. cxd5 Kg7 22. a4 h5 23. Rac1 Be5 24. Rc4 Bf5 25. Nd4 Rhf8 26.
Ne6+ Bxe6 27. dxe6 Rxf1+ 28. Kxf1 Kf6 29. Bd7 b5 30. Rxe4 Bd6 31. Bxb5 Rc8
32. Bc4 b6 33. b3 Rf8 34. Ke2 Ke7 35. Re3 g5 36. Rf3 g4 37. Rf7+ Rxf7 38.
exf7 Bc5 39. Bd5 Kf8 40. Kd3 Bg1 41. h3 Bf2 42. hxg4 hxg4 43. Kc4 Bxg3 44.
Kb5 1-0

[Event "TCh-FRA Nat1 Final"]
[Site "Belfort FRA"]
[Date "2004.05.09"]
[Round "9"]
[White "Sarthou,G"]
[Black "Bacrot,E"]
[Result "0-1"]
[WhiteElo "2367"]
[BlackElo "2675"]
[EventDate "2004.05.01"]

1. e4 c5 2. Nf3 Nc6 3. Bb5 e6 4. Bxc6 bxc6 5. b3 d6 6. O-O e5 7. c3 f5 8.
exf5 Nf6 9. d4 e4 10. Ng5 d5 11. f3 h6 12. Ne6 Bxe6 13. fxe6 Bd6 14. fxe4
dxe4 15. Qe2 O-O 16. Be3 Qe7 17. Nd2 Qxe6 18. Rae1 Nd5 19. Rxf8+ Rxf8 20.
dxc5 Nxc3 21. Qc4 Qxc4 22. Nxc4 Be7 23. Bd4 Bf6 24. Bxf6 Rxf6 25. Nd6 Re6
26. Re3 Nxa2 27. Rxe4 Rxe4 28. Nxe4 Kf7 29. Kf2 Nc1 30. Nd2 Ke6 31. Ke3 Kd5
32. Kf4 Kxc5 33. Kf5 Kb4 34. Kg6 Nxb3 35. Nb1 a5 36. g4 a4 37. Kxg7 Nd2 38.
Na3 Kxa3 0-1

[Event "TCh-FRA Nat1 Final"]
[Site "Belfort FRA"]
[Date "2004.05.09"]
[Round "9"]
[White "Skripchenko,A"]
[Black "Flear,C"]
[Result "1-0"]
[WhiteElo "2456"]
[BlackElo "2242"]
[EventDate "2004.05.01"]

1. e4 c5 2. Nf3 Nc6 3. Nc3 e5 4. Bc4 d6 5. d3 Be7 6. Nd2 Nf6 7. Nf1 Bg4 8.
f3 Be6 9. Ne3 a6 10. a4 Nh5 11. O-O Bg5 12. Ncd5 Rb8 13. c3 O-O 14. g3 g6
15. f4 exf4 16. gxf4 Bh6 17. f5 Bxd5 18. Bxd5 Kh8 19. Ng2 Bg7 20. Be3 Qc7
21. Ba2 Rbe8 22. Qd2 Ne5 23. Bg5 Ng4 24. h3 Ngf6 25. Rf3 Qc6 26. Raf1 Nd7
27. f6 Ndxf6 28. Bxf6 Nxf6 29. Rxf6 Bxf6 30. Rxf6 Qxa4 31. Bd5 Kg7 32. Rxd6
Qa1+ 33. Kh2 Re5 34. Qf4 Rh5 35. Qf6+ Kh6 36. Qf4+ Kg7 1-0

[Event "TCh-FRA Nat1 Final"]
[Site "Belfort FRA"]
[Date "2004.05.09"]
[Round "9"]
[White "Guennoun,A"]
[Black "Maze,S"]
[Result "0-1"]
[WhiteElo "2153"]
[BlackElo "2486"]
[EventDate "2004.05.01"]

1. c4 Nf6 2. Nf3 e6 3. g3 d5 4. Bg2 c6 5. Qc2 Nbd7 6. O-O e5 7. d4 e4 8.
Ne5 Bd6 9. Bf4 Qe7 10. Nxd7 Bxd7 11. Bxd6 Qxd6 12. Nc3 h5 13. Qd2 h4 14.
Qg5 Rh5 15. Qxg7 Ke7 0-1

[Event "TCh-FRA Nat1 Final"]
[Site "Belfort FRA"]
[Date "2004.05.09"]
[Round "9"]
[White "Hauchard,A"]
[Black "Ricbour,J"]
[Result "1-0"]
[WhiteElo "2499"]
[BlackElo "2121"]
[EventDate "2004.05.01"]

1. e4 c5 2. c3 d5 3. exd5 Qxd5 4. d4 Nc6 5. Nf3 Bg4 6. Be2 e6 7. h3 Bh5 8.
c4 Qd7 9. g4 Bg6 10. d5 exd5 11. cxd5 Nb4 12. Ne5 Bc2 13. Qd2 Qe7 14. Bb5+
Kd8 15. f4 a6 16. Bc4 b5 17. a3 bxc4 18. axb4 Bxb1 19. O-O Qh4 20. Rxb1 Nh6
21. Qg2 cxb4 22. d6 Rc8 23. Be3 Bxd6 24. Rbd1 Ke7 25. Rxd6 1-0

[Event "TCh-FRA Nat1 Final"]
[Site "Belfort FRA"]
[Date "2004.05.09"]
[Round "9"]
[White "Sokolov,And1"]
[Black "Tregubov,P"]
[Result "1/2-1/2"]
[WhiteElo "2589"]
[BlackElo "2636"]
[EventDate "2004.05.01"]

1. e4 c5 2. Nf3 Nc6 3. d4 cxd4 4. Nxd4 Nf6 5. Nc3 e5 6. Ndb5 d6 7. Bg5 a6
8. Na3 b5 9. Nd5 Be7 10. Bxf6 Bxf6 11. c3 O-O 12. Nc2 Bg5 13. a4 bxa4 14.
Rxa4 1/2-1/2

[Event "TCh-FRA Nat1 Final"]
[Site "Belfort FRA"]
[Date "2004.05.09"]
[Round "9"]
[White "Bauer,Ch"]
[Black "Marzolo,C"]
[Result "1-0"]
[WhiteElo "2595"]
[BlackElo "2409"]
[EventDate "2004.05.01"]

1. e4 c6 2. c4 d5 3. exd5 cxd5 4. cxd5 Nf6 5. Nc3 Nxd5 6. Nf3 Nc6 7. Bb5
Nxc3 8. bxc3 Bd7 9. d4 e6 10. O-O Be7 11. Rb1 O-O 12. Bd3 b6 13. Re1 Bc8
14. Qc2 g6 15. Qd2 Bf6 16. Ba3 Re8 17. Qf4 Bb7 18. Bb5 Bg7 19. Ng5 Qf6 20.
Qg3 Bf8 21. Ne4 Qg7 22. Bd6 Red8 23. Bc7 f6 24. Bxd8 Nxd8 25. Nd6 Bxd6 26.
Qxd6 Qf8 27. Qf4 Kg7 28. Re3 Qe7 29. Bc4 Rc8 30. Bb3 Qd7 31. h4 Bd5 32.
Rbe1 b5 33. Bxd5 Qxd5 34. Rf3 f5 35. Qe5+ Qxe5 36. Rxe5 a6 37. Rc5 Rb8 38.
Rc7+ Kf6 39. Rxh7 1-0

[Event "TCh-FRA Nat1 Final"]
[Site "Belfort FRA"]
[Date "2004.05.09"]
[Round "9"]
[White "Bricard,E"]
[Black "Apicella,M"]
[Result "0-1"]
[WhiteElo "2450"]
[BlackElo "2539"]
[EventDate "2004.05.01"]

1. c4 e6 2. Nf3 d5 3. b3 c6 4. g3 f5 5. Bg2 Nf6 6. O-O Bd6 7. Bb2 Qe7 8.
Nc3 O-O 9. d3 e5 10. cxd5 Nxd5 11. Nd2 Nxc3 12. Bxc3 Be6 13. Nc4 Bxc4 14.
bxc4 Na6 15. Rb1 Rf7 16. e3 Nc5 17. Qc2 Raf8 18. d4 Na6 19. Rfe1 e4 20. c5
Bb8 21. Bf1 Kh8 22. Rb2 Qg5 23. Reb1 f4 24. exf4 Bxf4 25. Qxe4 Re7 26. Qg2
Bc1 27. Rc2 Ba3 28. Bxa6 bxa6 29. Qxc6 Qf5 30. Qa4 h5 31. h4 Re4 32. Qxa3
Rxh4 33. c6 Rf6 34. gxh4 Qg6+ 35. Kf1 Qxc2 36. Rb8+ Kh7 37. Be1 Qc4+ 38.
Kg1 Rg6+ 39. Kh2 Qxc6 40. Qg3 Rxg3 41. fxg3 Qc2+ 42. Kg1 Qd1 43. Re8 Qxd4+
44. Kf1 Qc4+ 45. Re2 Kg6 46. Kf2 Kf5 47. Rd2 Kg4 48. Re2 Qf7+ 49. Kg1 Qf3
50. Rd2 Qe3+ 51. Kf1 Kh3 52. Re2 Qd3 53. Kf2 Qxg3+ 54. Kf1 Qd3 0-1

[Event "TCh-FRA Nat1 Final"]
[Site "Belfort FRA"]
[Date "2004.05.09"]
[Round "9"]
[White "Degraeve,JM"]
[Black "Koch,JR"]
[Result "0-1"]
[WhiteElo "2556"]
[BlackElo "2445"]
[EventDate "2004.05.01"]

1. e4 c5 2. Nc3 d6 3. f4 g6 4. Nf3 Bg7 5. Bc4 Nc6 6. O-O e6 7. d3 Nge7 8.
Qe1 Nd4 9. Nxd4 cxd4 10. Ne2 O-O 11. Kh1 d5 12. Bb3 dxe4 13. dxe4 d3 14.
cxd3 Qxd3 15. Nc3 Nc6 16. e5 Nd4 17. Be3 Nxb3 18. axb3 b6 19. Bxb6 Bb7 20.
Rxa7 Rxa7 21. Bxa7 Qc2 22. Qe2 Qxb3 23. Rd1 Ba8 24. Rd2 Bh6 25. Be3 Rb8 26.
h4 Qb7 27. Kh2 Bf8 28. h5 Rc8 29. Kg3 Qe7 30. Qa6 Qc7 31. Qd3 g5 32. Ne4
gxf4+ 33. Bxf4 Bxe4 34. Qxe4 h6 35. Kh2 Qc4 36. Rd4 Qc2 37. Qxc2 Rxc2 38.
Rd8 Kg7 39. Rb8 Bc5 0-1

[Event "TCh-FRA Nat1 Final"]
[Site "Belfort FRA"]
[Date "2004.05.09"]
[Round "9"]
[White "Herb,P"]
[Black "Collas,D"]
[Result "1/2-1/2"]
[WhiteElo "2283"]
[BlackElo "2434"]
[EventDate "2004.05.01"]

1. e4 e5 2. Nc3 Nf6 3. Bc4 Nc6 4. d3 Na5 5. Nge2 Nxc4 6. dxc4 d6 7. O-O Be7
8. Ng3 c6 9. b3 O-O 10. Qd3 a6 11. a4 Nd7 12. Nf5 Nc5 13. Qf3 a5 14. Be3 g6
15. Bh6 Re8 16. Rad1 Ne6 17. Qg3 Kh8 18. Nxe7 Qxe7 1/2-1/2

[Event "TCh-FRA Nat1 Final"]
[Site "Belfort FRA"]
[Date "2004.05.09"]
[Round "9"]
[White "Riff,S"]
[Black "Collas,S"]
[Result "1/2-1/2"]
[WhiteElo "2205"]
[BlackElo "2331"]
[EventDate "2004.05.01"]

1. e4 c5 2. Nf3 d6 3. d4 cxd4 4. Nxd4 Nf6 5. Nc3 a6 6. Be2 e6 7. Be3 Be7 8.
O-O O-O 9. f4 Qc7 10. a4 Nc6 11. Kh1 Re8 12. Bf3 Bf8 13. Qe1 e5 14. Nxc6
bxc6 15. fxe5 Rxe5 16. Bd4 Re6 17. Qg3 Nd7 18. Ne2 Ne5 19. Nf4 Re8 20. Nd3
a5 21. Rae1 Rb8 22. Bc3 g6 23. Be2 Bg7 24. Nf4 Re7 25. Rd1 f5 26. exf5 Bxf5
27. Bd3 Rf8 28. Bxf5 Rxf5 29. Nd3 Ref7 1/2-1/2

[Event "TCh-FRA Nat1 Final"]
[Site "Belfort FRA"]
[Date "2004.05.09"]
[Round "9"]
[White "Verat,L"]
[Black "Guth,N"]
[Result "1-0"]
[WhiteElo "2319"]
[BlackElo "2103"]
[EventDate "2004.05.01"]

1. d4 g6 2. Nf3 Bg7 3. g3 d6 4. Bg2 f5 5. c4 Nf6 6. Nc3 O-O 7. O-O Nc6 8.
d5 Na5 9. Qa4 c5 10. dxc6 Nxc6 11. Rd1 Bd7 12. c5 Ne4 13. Nxe4 Nd4 14. Qc4+
Be6 15. Qxd4 Bxd4 16. Nxd4 Bf7 17. Nc3 dxc5 18. Nxf5 Qc7 19. Nh6+ Kg7 20.
Ng4 h5 21. Bf4 Qb6 22. Be5+ Kh7 23. Ne3 Rad8 24. Ne4 Kg8 25. Ng5 Rxd1+ 26.
Rxd1 Rd8 27. Rxd8+ Qxd8 28. Nxf7 Kxf7 29. Bxb7 Qa5 30. Bd5+ Kf8 31. Bc3 Qa6
32. Bc4 Qd6 33. h4 Qd7 34. Kh2 Qc8 35. Bd3 Qe6 36. Nc4 Qf7 37. Kg1 g5 38.
hxg5 h4 39. g6 Qe6 40. g7+ Kg8 41. Ne3 hxg3 42. Bc4 gxf2+ 43. Kxf2 1-0

[Event "TCh-FRA Nat1 Final"]
[Site "Belfort FRA"]
[Date "2004.05.09"]
[Round "9"]
[White "Muller,A"]
[Black "Moingt,JC"]
[Result "1/2-1/2"]
[WhiteElo "2184"]
[BlackElo "2296"]
[EventDate "2004.05.01"]

1. e4 c5 2. Nf3 Nc6 3. Bb5 g6 4. Bxc6 dxc6 5. d3 Bg7 6. h3 Nf6 7. Nc3 O-O
8. Be3 b6 9. Qd2 e5 10. Nxe5 Nxe4 11. Nxc6 Nxd2 12. Nxd8 Nf3+ 13. gxf3 Rxd8
14. f4 c4 15. O-O-O cxd3 16. Rxd3 Rxd3 17. cxd3 Bf5 18. Ne4 Rc8+ 19. Kb1
Rd8 20. Kc2 Rc8+ 21. Kb1 Rd8 22. Kc2 Rc8+ 1/2-1/2

[Event "TCh-FRA Nat1 Final"]
[Site "Belfort FRA"]
[Date "2004.05.09"]
[Round "9"]
[White "Komarov,D"]
[Black "Kogan,Ar"]
[Result "1/2-1/2"]
[WhiteElo "2565"]
[BlackElo "2543"]
[EventDate "2004.05.01"]

1. d4 Nf6 2. Nf3 c6 3. c4 d5 4. Nc3 a6 5. e3 Bf5 6. Bd3 Bxd3 7. Qxd3 e6 8.
O-O Bb4 9. Bd2 O-O 10. Rfd1 Qe7 11. Na4 Nbd7 12. cxd5 1/2-1/2

[Event "TCh-FRA Nat1 Final"]
[Site "Belfort FRA"]
[Date "2004.05.09"]
[Round "9"]
[White "Huebner,R"]
[Black "Legky,N"]
[Result "1/2-1/2"]
[WhiteElo "2603"]
[BlackElo "2460"]
[EventDate "2004.05.01"]

1. e4 e6 2. d4 d5 3. Nc3 Bb4 4. e5 c5 5. a3 Bxc3+ 6. bxc3 Ne7 7. Qg4 Kf8 8.
Bd3 Qa5 9. Bd2 Qa4 10. Qd1 b6 11. Nf3 Ba6 12. dxc5 bxc5 13. O-O Nd7 14. Re1
h6 15. Qc1 Nc6 16. Bf4 Ke7 17. Bg3 Bxd3 18. cxd3 Rhb8 19. c4 dxc4 20. dxc4
Nd4 21. Nxd4 cxd4 22. Qf4 d3 23. Qg4 Kf8 24. Qd4 Rb3 25. Red1 Kg8 26. Rxd3
Nc5 27. Re3 Qxa3 28. Rxb3 Nxb3 29. Rxa3 Nxd4 30. Ra6 Rc8 31. Rxa7 Rxc4 32.
Ra1 Ne2+ 1/2-1/2

[Event "TCh-FRA Nat1 Final"]
[Site "Belfort FRA"]
[Date "2004.05.09"]
[Round "9"]
[White "Karr,JP"]
[Black "Hernandez,Gi"]
[Result "1/2-1/2"]
[WhiteElo "2360"]
[BlackElo "2530"]
[EventDate "2004.05.01"]

1. d4 Nf6 2. c4 g6 3. Nc3 Bg7 4. e4 d6 5. Nf3 O-O 6. Be2 e5 7. O-O Na6 8.
Be3 Ng4 9. Bg5 Qe8 10. dxe5 dxe5 11. h3 f6 12. Bd2 Nh6 13. c5 Nxc5 14. Qc1
Nf7 15. Nd5 Ne6 16. Nxc7 Nxc7 17. Qxc7 Nd8 18. Be3 Rf7 19. Bc4 Be6 20. Bxe6
Qxe6 21. Qa5 Nc6 22. Qa4 Rd8 23. Rfd1 Rfd7 24. Rxd7 Rxd7 25. a3 a6 26. Rd1
1/2-1/2

[Event "TCh-FRA Nat1 Final"]
[Site "Belfort FRA"]
[Date "2004.05.09"]
[Round "9"]
[White "Abergel,T"]
[Black "Giffard,N"]
[Result "1/2-1/2"]
[WhiteElo "2433"]
[BlackElo "2343"]
[EventDate "2004.05.01"]

1. e4 c5 2. Nc3 e6 3. Nf3 a6 4. d4 cxd4 5. Nxd4 Ne7 6. Bd3 Nec6 7. Nb3 d6
8. O-O Be7 9. f4 O-O 10. Qf3 Nd7 11. Be3 Rb8 12. a4 b6 13. Rad1 Nb4 14. Qh5
Nf6 15. Qh3 Nxd3 16. Rxd3 Qc7 17. e5 dxe5 18. fxe5 Nd7 19. Bf4 Bb7 20. Rg3
g6 21. Qh6 Bc5+ 22. Nxc5 Qxc5+ 23. Kh1 f6 24. exf6 Rxf6 25. Rd1 Qc4 26. h3
Qxf4 27. Qxf4 Rxf4 28. Rxd7 Rf2 29. Nd1 Rxc2 30. Ne3 Rc1+ 31. Kh2 Bc6 32.
Rc7 Rb7 33. Rc8+ Kg7 34. Ng4 Rc2 35. Ne3 Rc1 36. Ng4 Rc2 37. Ne3 Rc1
1/2-1/2

[Event "TCh-FRA Nat1 Final"]
[Site "Belfort FRA"]
[Date "2004.05.09"]
[Round "9"]
[White "Salaun,Y"]
[Black "Belkhodja,S"]
[Result "0-1"]
[WhiteElo "2345"]
[BlackElo "2449"]
[EventDate "2004.05.01"]

1. Nf3 g6 2. d4 Bg7 3. e4 d6 4. Nc3 Nf6 5. h3 O-O 6. Be3 c6 7. Bd3 Nbd7 8.
O-O e5 9. Re1 Re8 10. dxe5 dxe5 11. Nd2 Qe7 12. a4 Nc5 13. Qb1 Nh5 14. Bf1
Ne6 15. Kh2 Nd4 16. Ne2 Be6 17. c3 Rad8 18. Ng1 c5 19. Ra3 h6 20. Nc4 Nc6
21. Bc1 Rd7 22. Ne3 Red8 23. Nf3 Nf4 24. c4 Qf8 25. Nd5 Nh5 26. g4 Nf6 27.
Bxh6 Nxd5 28. Bxg7 Nc3 29. Bxf8 Nxb1 30. Rxb1 Kxf8 31. g5 Ke7 32. Kg3 b6
33. Re3 Rd6 34. h4 Rd1 35. Re1 Rxb1 36. Rxb1 f6 37. Ra1 Na5 38. Rc1 Rd6 39.
Be2 Bd7 40. Ra1 Bc6 41. gxf6+ Kxf6 42. Ng5 Rd2 43. Bg4 Nxc4 44. a5 b5 45.
b3 Rd3+ 46. Kh2 Rxb3 47. Rd1 Ke7 48. Ne6 Rb2 49. Nxc5 Rxf2+ 50. Kg3 Rd2 51.
Rf1 Ne3 52. Rc1 Rg2+ 53. Kf3 Rxg4 54. Kxe3 Kd6 55. a6 Rxh4 56. Nb7+ Kd7 57.
Nc5+ Kc7 0-1

[Event "TCh-FRA Nat1 Final"]
[Site "Belfort FRA"]
[Date "2004.05.09"]
[Round "9"]
[White "Brochet,P"]
[Black "Buchy,D"]
[Result "1-0"]
[WhiteElo "2397"]
[BlackElo "2191"]
[EventDate "2004.05.01"]

1. e4 c5 2. Nf3 Nc6 3. Bb5 g6 4. Bxc6 dxc6 5. d3 Bg7 6. Nc3 Nf6 7. Be3 Qa5
8. O-O Ng4 9. Bd2 Qc7 10. h3 Nf6 11. e5 Nd5 12. Ne4 b6 13. a3 f5 14. exf6
exf6 15. c4 Nf4 16. Be3 O-O 17. Qd2 Ne6 18. Rfe1 f5 19. Neg5 f4 20. Nxe6
Bxe6 21. Bxc5 bxc5 22. Rxe6 Qd7 23. Re4 Rad8 24. Rae1 Qf5 25. Qe2 g5 26.
Re7 Bf6 27. Qe6+ Qxe6 28. R7xe6 Rc8 29. b3 h6 30. Ne5 Bxe5 31. R6xe5 Rb8
32. Rb1 Rfd8 33. Rxc5 Rxd3 34. b4 Rb6 35. a4 Kf7 36. a5 Ra6 37. b5 cxb5 38.
Rbxb5 Rd1+ 39. Kh2 Rd2 40. h4 Rxf2 41. hxg5 hxg5 42. Rxg5 f3 43. Kg3 Rxg2+
44. Kxf3 Rxg5 45. Rxg5 Rc6 46. c5 Re6 47. Kf4 Re1 48. Kf5 Ke8 49. Rg7 Kd8
50. Rxa7 Kc8 51. a6 Rc1 52. Ke6 Rxc5 53. Kd6 Rb5 54. Kc6 Rb1 55. Rc7+ Kd8
56. a7 Rc1+ 57. Kd5 Rd1+ 58. Ke4 Re1+ 59. Kd3 Rd1+ 60. Kc2 Ra1 61. Rb7 1-0

[Event "TCh-FRA Nat1 Final"]
[Site "Belfort FRA"]
[Date "2004.05.09"]
[Round "9"]
[White "Joanovits,M"]
[Black "Bergez,L"]
[Result "0-1"]
[WhiteElo "2060"]
[BlackElo "2387"]
[EventDate "2004.05.01"]

1. e4 c5 2. Nf3 Nc6 3. Bb5 g6 4. c3 Bg7 5. O-O Nf6 6. Re1 O-O 7. d4 cxd4 8.
cxd4 d5 9. exd5 Nxd5 10. Bxc6 bxc6 11. Ne5 Qb6 12. Nc3 Nxc3 13. bxc3 c5 14.
Ba3 cxd4 15. cxd4 Re8 16. Qf3 Bf5 17. Bc5 Qc7 18. Rac1 Bf6 19. Qg3 Qb7 20.
Ng4 Bxg4 21. Qxg4 Rab8 22. Qe4 Qxe4 23. Rxe4 a5 24. g3 e6 25. Rce1 Red8 26.
R4e2 Bxd4 27. Bxd4 Rxd4 28. Rc1 a4 29. Rc7 g5 30. Ra7 g4 31. Kg2 Rb1 32. h3
h5 33. hxg4 hxg4 34. f3 gxf3+ 35. Kxf3 Rf1+ 36. Kg2 Rf5 37. Kh3 Rf3 38. Re5
Rf2 39. Rg5+ Kf8 40. Rh5 Kg7 41. Rc5 Rxa2 42. Rcc7 Rf2 43. g4 Rd3+ 44. Kh4
Kg6 45. g5 Rf4+ 0-1

[Event "TCh-FRA Nat1 Final"]
[Site "Belfort FRA"]
[Date "2004.05.09"]
[Round "9"]
[White "Gharamian,T"]
[Black "Schlosser,P"]
[Result "1/2-1/2"]
[WhiteElo "2341"]
[BlackElo "2564"]
[EventDate "2004.05.01"]

1. e4 c5 2. Nc3 d6 3. Nf3 Nf6 4. d4 cxd4 5. Nxd4 a6 6. Be2 e6 7. O-O Be7 8.
Be3 O-O 9. f4 Qc7 10. a4 Nc6 11. Kh1 Re8 12. a5 Nxa5 13. e5 dxe5 14. fxe5
Qxe5 15. Bf4 Qc5 16. Na4 Qa7 17. Bc7 b5 18. Bxa5 bxa4 1/2-1/2

[Event "TCh-FRA Nat1 Final"]
[Site "Belfort FRA"]
[Date "2004.05.09"]
[Round "9"]
[White "Pinter,J"]
[Black "Mancini,M"]
[Result "1-0"]
[WhiteElo "2494"]
[BlackElo "2309"]
[EventDate "2004.05.01"]

1. d4 d5 2. c4 e6 3. Nc3 Be7 4. Nf3 Nf6 5. cxd5 exd5 6. Bg5 c6 7. Qc2 O-O
8. e3 Nbd7 9. Bd3 Re8 10. h3 Nf8 11. O-O Be6 12. Rab1 N6d7 13. Bf4 Bf6 14.
Rfc1 Qe7 15. Na4 Rec8 16. Bg3 a5 17. b3 Qd8 18. a3 Be7 19. Ra1 f6 20. Qd2
Bf7 21. Nh4 g6 22. Nf3 Ne6 23. Nc3 Ng7 24. Qb2 Qf8 25. Ne2 Ne8 26. Nd2 Nd6
27. f3 f5 28. Be5 Nxe5 29. dxe5 Ne8 30. f4 Ng7 31. Nf3 Ne6 32. g3 Nc5 33.
Bc2 Ne4 34. Kg2 c5 35. Rd1 Be6 36. Bd3 Qe8 37. a4 h6 38. Nc3 Qf7 39. Nb5
Rc6 40. Rdc1 Qg7 41. Kh2 Kh7 42. Rg1 h5 43. Qe2 Qh6 44. Nd6 Nxd6 45. exd6
Bf6 46. Bb5 Rcc8 47. d7 Rc7 48. Rgd1 Qg7 49. Rd2 Rd8 50. Rad1 Kh8 51. Rxd5
Bxd5 52. Rxd5 b6 53. Qd3 Qe7 54. Nd2 g5 55. fxg5 Bxg5 56. Nc4 Qf7 57. Ne5
1-0

[Event "TCh-FRA Nat1 Final"]
[Site "Belfort FRA"]
[Date "2004.05.09"]
[Round "9"]
[White "Froeyman,H"]
[Black "Galdunts,S"]
[Result "1/2-1/2"]
[WhiteElo "2308"]
[BlackElo "2494"]
[EventDate "2004.05.01"]

1. e4 e5 2. Nf3 Nc6 3. Bb5 a6 4. Ba4 Nf6 5. O-O Be7 6. Re1 b5 7. Bb3 d6 8.
c3 O-O 9. h3 Na5 10. Bc2 c5 11. d4 Qc7 12. Nbd2 cxd4 13. cxd4 Nc6 14. Nb3
a5 15. Be3 a4 16. Nbd2 Be6 17. a3 Rfc8 18. Bd3 Bd7 19. Rc1 Qb7 20. b4 exd4
21. Nxd4 Ne5 22. Qe2 Nxd3 23. Qxd3 d5 24. e5 Ne4 25. N4f3 Bf5 26. Qd4 f6
27. Qb2 Bg6 28. exf6 Bxf6 29. Qa2 Bb2 1/2-1/2

[Event "TCh-FRA Nat1 Final"]
[Site "Belfort FRA"]
[Date "2004.05.09"]
[Round "9"]
[White "Schenk,A"]
[Black "Schmitt,An"]
[Result "1/2-1/2"]
[WhiteElo "2502"]
[BlackElo "2267"]
[EventDate "2004.05.01"]

1. d4 Nf6 2. Bg5 e6 3. e4 h6 4. Bxf6 Qxf6 5. Nc3 Bb4 6. Qd2 c5 7. dxc5 Bxc5
8. Nf3 Nc6 9. Bb5 Nd4 10. Nxd4 Qxd4 11. Bd3 Bb4 12. O-O Bxc3 13. bxc3 Qc5
14. Rab1 a6 15. Rb4 d6 16. Rc4 Qb6 17. Rb4 Qc5 18. Rc4 Qb6 19. Rb4 Qc5 20.
Rc4 1/2-1/2

[Event "TCh-FRA Nat1 Final"]
[Site "Belfort FRA"]
[Date "2004.05.09"]
[Round "9"]
[White "Julve,P"]
[Black "Netzer,J"]
[Result "0-1"]
[WhiteElo "2297"]
[BlackElo "2301"]
[EventDate "2004.05.01"]

1. d4 d5 2. c4 e6 3. Nc3 c5 4. Nf3 Nc6 5. e3 Nf6 6. a3 a6 7. h3 dxc4 8.
Bxc4 b5 9. Ba2 Bb7 10. O-O Be7 11. Qe2 O-O 12. Rd1 Qc7 13. dxc5 Bxc5 14. e4
Rfd8 15. Bg5 Nd4 16. Nxd4 Bxd4 17. Rd3 Qe5 18. Bxf6 Qxf6 19. Rf1 Rac8 20.
Nd1 Qg6 21. Re1 Bb6 22. Nc3 Rxd3 23. Qxd3 Rd8 24. Qf3 h6 25. Bb1 Rd2 26.
Re2 Qg5 27. h4 Qd8 28. Rxd2 Qxd2 29. Nd1 f5 30. Qb3 Kh8 31. exf5 Qe1+ 32.
Kh2 Bc7+ 33. f4 Qxh4+ 34. Kg1 Bb6+ 35. Kf1 Qh1+ 36. Ke2 Qxg2+ 37. Ke1 Qg1+
38. Kd2 Qh2+ 39. Ke1 Ba5+ 40. Nc3 Qg3+ 41. Kd1 Qf3+ 42. Ke1 Qe3+ 43. Kd1
Bf3+ 44. Kc2 Bd5 0-1

[Event "TCh-FRA Nat1 Final"]
[Site "Belfort FRA"]
[Date "2004.05.09"]
[Round "9"]
[White "Wagner,Cl"]
[Black "Bouhallel,R"]
[Result "1-0"]
[WhiteElo "2357"]
[BlackElo "2312"]
[EventDate "2004.05.01"]

1. d4 e6 2. c4 Nf6 3. Nf3 b6 4. g3 Ba6 5. Nbd2 c5 6. e4 cxd4 7. e5 Ng4 8.
h3 Nh6 9. Bg2 Bb7 10. O-O Qc7 11. Re1 Bc5 12. Ne4 Nf5 13. g4 Ne7 14. Nxd4
Bxe4 15. Nb5 Qd8 16. Bxe4 Nbc6 17. a3 a6 18. Nd6+ Bxd6 19. exd6 Ng6 20. b4
O-O 21. Bb2 Qg5 22. Qf3 Rac8 23. Qg3 Nd8 24. Rac1 f6 25. Bd4 b5 26. c5 Nf4
27. Be3 e5 28. Bd5+ Kh8 29. Bxf4 exf4 30. Qf3 Nc6 31. Bxc6 dxc6 32. Rcd1 a5
33. Re4 axb4 34. axb4 Qg6 35. Rxf4 1-0

[Event "TCh-FRA Nat1 Final"]
[Site "Belfort FRA"]
[Date "2004.05.09"]
[Round "9"]
[White "Vallet,M"]
[Black "Milliet,S"]
[Result "0-1"]
[WhiteElo "2226"]
[BlackElo "2290"]
[EventDate "2004.05.01"]

1. e4 e5 2. Nf3 Nc6 3. Nc3 Nf6 4. d4 exd4 5. Nd5 Be7 6. Bc4 O-O 7. O-O d6
8. Nxd4 Ne5 9. Nxe7+ Qxe7 10. Bb3 Nxe4 11. Re1 Qh4 12. g3 Nxg3 13. fxg3
Qxd4+ 14. Qxd4 Nf3+ 15. Kf2 Nxd4 16. Re7 c6 17. Bf4 d5 18. c4 dxc4 19. Bxc4
b5 20. Bf1 Be6 21. Bg2 Rfc8 22. Rd1 Nf5 23. Rb7 a5 24. a3 h5 25. Rb6 Ne7
26. Rc1 Bd5 27. Bxd5 Nxd5 28. Rbxc6 Rxc6 29. Rxc6 Nxf4 30. gxf4 Rd8 31. Ke3
Rd5 32. Rc8+ Kh7 33. b4 axb4 34. axb4 Kg6 35. Rc1 Kf5 36. Rg1 g6 37. h3 f6
38. h4 Rd6 39. Rc1 Kg4 40. Rg1+ Kxh4 41. Rxg6 Kh3 42. Ke4 h4 43. Kf3 Rd3+
44. Kf2 Rd4 45. Rxf6 Rxb4 46. Kf3 Rb3+ 47. Ke4 Kg2 48. Rg6+ Rg3 49. Rb6 h3
50. Rxb5 h2 51. Rb2+ Kh3 52. Rxh2+ Kxh2 53. f5 Kh3 54. Kf4 Kh4 55. f6 Rg1
56. Kf5 Kh5 0-1

[Event "TCh-FRA Nat1 Final"]
[Site "Belfort FRA"]
[Date "2004.05.09"]
[Round "9"]
[White "Mensch,E"]
[Black "Lacrosse,M"]
[Result "1-0"]
[WhiteElo "2368"]
[BlackElo "2283"]
[EventDate "2004.05.01"]

1. d4 d5 2. Bg5 h6 3. Bh4 c6 4. e3 Qb6 5. b3 Bf5 6. Bd3 Bxd3 7. Qxd3 e6 8.
Nf3 Nd7 9. O-O Be7 10. Bxe7 Nxe7 11. c4 Qa6 12. Nc3 O-O 13. Rfd1 Rfd8 14.
Qf1 Qa3 15. Rac1 Rac8 16. h3 b6 17. Qe2 Nf6 18. Nb1 Qb4 19. cxd5 exd5 20.
Qa6 Rc7 21. Nc3 Rdc8 22. Rc2 Qd6 23. Rdc1 Qd7 24. Ne1 Rb8 25. Qe2 Qe6 26.
Nd3 Nf5 27. Qf3 Nd6 28. Nxd5 Rd7 29. Ne5 1-0

[Event "TCh-FRA Nat1 Final"]
[Site "Belfort FRA"]
[Date "2004.05.09"]
[Round "9"]
[White "Dewitte,C"]
[Black "Heinz,Ti"]
[Result "0-1"]
[WhiteElo "2016"]
[BlackElo "2120"]
[EventDate "2004.05.01"]

1. c4 Nf6 2. Nc3 c5 3. g3 d5 4. cxd5 Nxd5 5. Bg2 Nc7 6. Nf3 Nc6 7. d3 e5 8.
O-O Be7 9. Bd2 O-O 10. Rc1 Bd7 11. Na4 Ne6 12. b3 Rc8 13. Nb2 b6 14. Bc3 f6
15. Nc4 Ncd4 16. Ba1 Bc6 17. Nh4 Bxg2 18. Nxg2 b5 19. Nd2 Qb6 20. e3 Nc6
21. Ne4 Rfd8 22. Nh4 Ng5 23. Nxg5 fxg5 24. Nf5 Bf6 25. Qe2 Nb4 26. d4 Qe6
27. dxe5 Bxe5 28. Bxe5 Qxf5 29. Ba1 Nd3 30. Rc3 c4 31. Rd1 Rf8 32. Rf1 g4
33. bxc4 bxc4 34. Qc2 Qd5 35. Ra3 Rc7 36. Qc3 Rcf7 37. Ra4 Qf3 38. Qd2 Nxf2
39. Rxf2 Qxf2+ 40. Qxf2 Rxf2 0-1

[Event "TCh-FRA Nat1 Final"]
[Site "Belfort FRA"]
[Date "2004.05.09"]
[Round "9"]
[White "Movsesian,S"]
[Black "Khenkin,I"]
[Result "1-0"]
[WhiteElo "2647"]
[BlackElo "2596"]
[EventDate "2004.05.01"]

1. e4 c6 2. d4 d5 3. e5 c5 4. dxc5 e6 5. Be3 Nh6 6. c3 Nf5 7. Bd4 Nxd4 8.
cxd4 b6 9. c6 Bb4+ 10. Nc3 Bxc3+ 11. bxc3 Nxc6 12. Bd3 Bd7 13. Qg4 O-O 14.
Nf3 f5 15. exf6 Rxf6 16. Qh4 Rh6 17. Qg3 Be8 18. O-O Bg6 19. Bb5 Ne7 20.
Ne5 Nf5 21. Qg4 Bh5 22. Qf4 Nd6 23. Bd3 Rc8 24. Rac1 Nf7 25. c4 Nxe5 26.
dxe5 d4 27. Rc2 Be8 28. Rd2 Rh4 29. Qg3 Qe7 30. f4 Bc6 31. f5 exf5 32. Bxf5
Re8 33. Be6+ Qxe6 34. Qxh4 Qxc4 35. Re1 Bd5 36. Qxd4 Qxd4+ 37. Rxd4 Bxa2
38. Ra1 Be6 39. Rxa7 h6 40. Rd6 b5 41. Rb7 Bc4 42. Rdd7 Kf8 43. Kf2 g6 44.
Rh7 h5 45. Rh8+ Bg8 46. e6 1-0